LEADER 00886nam--2200325---450- 001 990005809420203316 005 20130219120319.0 035 $a000580942 035 $aUSA01000580942 035 $a(ALEPH)000580942USA01 035 $a000580942 100 $a20130219d1969----km-y0itay50------ba 101 0 $aeng 102 $aUS 105 $a||||||||001yy 200 1 $a<> place to stand$fElton Trueblood 210 $aNew York$aLondon$cHarper & Row$d1969 215 $a128 p.$d22cm 606 0 $aApologetica$2BNCF 676 $a202 700 1$aTRUEBLOOD,$bElton$0616454 801 0$aIT$bsalbc$gISBD 912 $a990005809420203316 951 $aII.2. 5956$b4739 L.G.$cII.2.$d00313429 959 $aBK 969 $aUMA 979 $aPASSARO$b90$c20130219$lUSA01$h1201 979 $aPASSARO$b90$c20130219$lUSA01$h1203 996 $aPlace to stand$91089923 997 $aUNISA LEADER 01636nam 2200433 a 450 001 9910700909403321 005 20111116072214.0 035 $a(CKB)5470000002413937 035 $a(OCoLC)761181072 035 $a(EXLCZ)995470000002413937 100 $a20111116d2000 ua 0 101 0 $aeng 135 $aurmn||||||||| 181 $ctxt$2rdacontent 182 $cc$2rdamedia 183 $acr$2rdacarrier 200 10$aMECCA2 program documentation$b[electronic resource] /$fKurt Hess 210 1$a[Silver Spring, Md.] :$cU.S. Dept. of Commerce, National Oceanic and Atmospheric Administration, National Ocean Service, Office of Coast Survey, Coast Survey Development Laboratory,$d[2000] 215 $a1 online resource (iv, 49 pages) $cillustrations, maps 225 1 $aNOAA technical report NOS CS ;$v5 300 $aTitle from PDF title screen (viewed Nov. 2, 2011). 300 $a"January 2000." 320 $aIncludes bibliographical references (pages 19-20). 606 $aOcean circulation$xComputer programs 606 $aOcean circulation$xComputer simulation 606 $aEstuaries$xComputer programs 606 $aEstuaries$xComputer simulation 615 0$aOcean circulation$xComputer programs. 615 0$aOcean circulation$xComputer simulation. 615 0$aEstuaries$xComputer programs. 615 0$aEstuaries$xComputer simulation. 700 $aHess$b Kurt W$01396315 712 02$aCoast Survey Development Laboratory (U.S.) 801 0$bGPO 801 1$bGPO 906 $aBOOK 912 $a9910700909403321 996 $aMECCA2 program documentation$93504863 997 $aUNINA